000 00306nam a22001337a 4500
008 170808b xxu||||| |||| 00| 0 eng d
020 _a3800941147
041 _ager
080 _a004
100 _a34
101 _aSHK
245 _aWISSENSBASIERTE SYSTEME IN DER PRAXIS
_cWINKELMANN,K
942 _2udc
_cBK
999 _c22875
_d22875